[Event "ALG-ch"]
[Site "Ain Tagoura"]
[Date "2020.02.04"]
[Round "1"]
[White "Adjerit, Noureddine"]
[Black "Djafrii, Youcef"]
[Result "1-0"]
[WhiteElo "1930"]
[BlackElo "1488"]
[PlyCount "139"]
[EventDate "2020.02.04"]
[EventType "swiss"]
[EventRounds "9"]
[EventCountry "ALG"]
[SourceTitle "CBM 194 Extra"]
[Source "ChessBase"]
[SourceDate "2020.03.31"]
[SourceVersion "1"]
[SourceVersionDate "2020.03.31"]
[SourceQuality "1"]

1. d4 d5 2. c4 Nf6 3. cxd5 Nxd5 4. e4 Nf6 5. Nc3 e6 6. Nf3 Be7 7. Bd3 Nc6 8. 0-0 0-0 9. Re1 Nxd4 10. Nxd4 Qxd4 11. e5 Qg4 12. exf6 Qxd1 13. Rxd1 Bxf6 14. Bf4 e5 15. Bg3 c6 16. Ne4 Be6 17. Nxf6+ gxf6 18. b3 Rad8 19. Bc2 Bd5 20. Bh4 Rd6 21. Rd2 Rfd8 22. Rad1 h6 23. f3 Kf8 24. Kf2 Ke7 25. Ke3 Kd7 26. Kf2 Kc7 27. Bg3 Kb6 28. f4 Re6 29. f5 Red6 30. Kg1 a6 31. Bf2+ Kc7 32. b4 Rg8 33. Bc5 Rd7 34. a4 b6 35. Be3 h5 36. b5 axb5 37. axb5 Rgd8 38. bxc6 Bxc6 39. Rxd7+ Bxd7 40. Be4 Rb8 41. Kf2 b5 42. Bc5 Rg8 43. h3 Bc6 44. Bxc6 Kxc6 45. Be7 Re8 46. Bxf6 b4 47. Ke2 b3 48. Rb1 Kd5 49. Rxb3 Ke4 50. g4 hxg4 51. hxg4 Kf4 52. Rb4+ e4 53. g5 Kxf5 54. Ke3 Re6 55. Rb8 Kg6 56. Rf8 Ra6 57. Kxe4 Ra4+ 58. Kd5 Ra5+ 59. Kc6 Ra2 60. Rb8 Re2 61. Kd7 Ra2 62. Ke8 Ra7 63. Kf8 Rd7 64. Kg8 Ra7 65. Kh8 Rc7 66. Rg8+ Kf5 67. Kg7 Rb7 68. Rf8 Ke6 69. Re8+ Kf5 70. Re7 1-0